Προσομοίωση του πειράματος προσδιορισμού του εκτατικού ιξώδους ρευστών : μεταπτυχιακή εργασία
Σε αυτήν την δουλειά ασχολούμαστε με την προσομοίωση του πειράματος εκτατικής ροής νημάτων, το οποίο έχει αποσπάσει πολύ προσοχή τα τελευταία χρόνια καθώς παίζει σημαντικό ρόλο στον προσδιοριμό των εκτατικών ιδιοτήτων ενός πολυμερούς διαλύματος και πιο συγκεκριμένα στο εκτατικό ιξώδες.Δημιουργούμε έ...
Αποθηκεύτηκε σε:
| Κύριος συγγραφέας: | |
|---|---|
| Συγγραφή απο Οργανισμό/Αρχή: | |
| Μορφή: | Thesis Βιβλίο |
| Γλώσσα: | Greek |
| Δημοσίευση: |
2014.
|
| Θέματα: | |
| Διαθέσιμο Online: | http://hdl.handle.net/11610/12246 |
| Ετικέτες: |
Προσθήκη ετικέτας
Δεν υπάρχουν, Καταχωρήστε ετικέτα πρώτοι!
|
MARC
| LEADER | 00000cam a2200000 i 4500 | ||
|---|---|---|---|
| 001 | 1/48413 | ||
| 008 | 140529s2014 gr | ||| |||| ||gre|| | ||
| 035 | |l 10117823 | ||
| 040 | |a GR-MyUA |b gre |e AACR2 | ||
| 041 | 0 | |a gre | |
| 082 | 0 | |a 620.11232 |2 (22) | |
| 100 | 1 | |a Μητρίας, Χρήστος. | |
| 245 | 1 | 0 | |a Προσομοίωση του πειράματος προσδιορισμού του εκτατικού ιξώδους ρευστών : |b μεταπτυχιακή εργασία / |c Χρήστος Μητρίας ; επιβλέπων καθηγητής Κ. Χουσιάδας. |
| 260 | |c 2014. | ||
| 300 | |a 80 σ. : |b σχέδια ; |c 30 εκ. | ||
| 500 | |a Μέλη της εξεταστικής επιτροπής: Κ. Χουσιάδας, Α. Χατζηνικήτας, Β. Μεταφτσής. | ||
| 502 | |a Διατριβή (μεταπτυχιακή) – Πανεπιστήμιο Αιγαίου, Σάμος, 2014. | ||
| 504 | |a Βιβλιογραφία: σ. [79]-80. | ||
| 506 | 0 | |a Διάθεση πλήρους κειμένου - Ελεύθερη πρόσβαση. | |
| 520 | |a Σε αυτήν την δουλειά ασχολούμαστε με την προσομοίωση του πειράματος εκτατικής ροής νημάτων, το οποίο έχει αποσπάσει πολύ προσοχή τα τελευταία χρόνια καθώς παίζει σημαντικό ρόλο στον προσδιοριμό των εκτατικών ιδιοτήτων ενός πολυμερούς διαλύματος και πιο συγκεκριμένα στο εκτατικό ιξώδες.Δημιουργούμε ένα απλοποιμένο μονοδιάστατο μοντέλο που περιέχει της φυσικές ιδιότητες του προβλήματος και στην συνέχεια το επιλύουμε αριθμητικά. | ||
| 610 | 2 | 0 | |a University of the Aegean |x Dissertations. |
| 650 | 0 | 0 | |a Viscoelasticity |x Numerical solutions. |
| 650 | 0 | 0 | |a Fluid dynamics. |
| 650 | 0 | 0 | |a Dissertations, Academic |z Greece. |
| 700 | 1 | |a Χουσιάδας, Κωνσταντίνος, |e dgs | |
| 710 | 2 | |a Πανεπιστήμιο Αιγαίου. |b Σχολή Θετικών Επιστημών. |b Τμήμα Μαθηματικών. |b Μεταπτυχιακό Πρόγραμμα Σπουδών Μαθηματική Μοντελοποίηση στις Φυσικές Επιστήμες και στις Σύγχρονες Τεχνολογίες. | |
| 852 | |a INST |b SAMOS |c DIATR |e 20140529 |h 620.11232 ΜΗΤ |p 005300036745 |q 005300036745 |t MTXE |y 23 | ||
| 852 | |a INST |b SAMOS |c DIATR |e 20140529 |h 620.11232 ΜΗΤ |p 005300036746 |q 005300036746 |t MTXE |y 23 | ||
| 856 | |u http://hdl.handle.net/11610/12246 | ||
| 901 | |a BIBL3-2014-2 | ||
| 909 | |a Σ |b 184892 | ||
| 909 | |a Σ |b 184893 | ||
| 924 | |a ΜΗΤΡΙΑΣ |b ΧΡΗΣΤΟΣ |y Σάμος |z 2014-02 | ||
| 970 | |a ΚΟΣΙΕΡΗΣ |b ΧΡΗΣΤΟΣ |z 2014/05/29 | ||